000 00441nam a2200157Ia 4500
008 090711s9999 xx 000 0 und d
082 _b38354
100 _aप्रफुल्लदत्त
245 _aतो दिवस
260 _c1945
600 _aप्रफुल्लदत्त
630 _aतो दिवस
700 _aप्रफुल्लदत्त
730 _aतो दिवस
942 _cBOOK
999 _c304681
_d304681